Derechos Humanos (Registro nro. 3637)
[ vista simple ]
| 000 -Cabecera | |
|---|---|
| Campo de control de longitud fija | 01024nam a2200301 4500 |
| 005 - Fecha y hora de la última transacción | |
| Campo de control | 20231016153526.0 |
| 008 - Elementos de longitud fija--Información general | |
| Campo de control de longitud fija | 150304b2011 xxu||||| |||| 00| 0 spa d |
| 020 ## - International Standard Book Number | |
| Número Internacional Estándar del Libro (ISBN) | 9789507433382 |
| 041 ## - Idioma | |
| Código de idioma | Español |
| 082 ## - Clasificación Decimal Dewey | |
| Número de clasificación | 323 T143d3 |
| 100 ## - Entrada principal--Autor personal | |
| Nombre personal | Taleva Salvat, Orlando |
| 9 (RLIN) | 28663 |
| 245 ## - Título propiamente dicho | |
| Título | Derechos Humanos |
| 260 ## - Pie de imprenta | |
| Lugar de publicación, distribución, etc. | Argentino |
| Nombre del editor, distribuidor, etc. | Valleta |
| Fecha de publicación, distribución, etc. | 2011 |
| 300 ## - Descripción física | |
| Extensión | 274 páginas |
| 650 ## - Materia general | |
| Temática (materia general) | DERECHOS HUMANOS |
| 650 ## - Materia general | |
| Temática (materia general) | CONVENCIÓN AMERICANA SOBRE DERECHOS HUMANOS |
| 650 ## - Materia general | |
| Temática (materia general) | PACTO DE SAN JOSE DE COSTA RICA |
| 650 ## - Materia general | |
| Temática (materia general) | PENA DE MUERTE |
| 650 ## - Materia general | |
| Temática (materia general) | DECLARACIÓN DE LOS DERECHOS DEL NIÑO |
| 650 ## - Materia general | |
| Temática (materia general) | CRIMENES DE GUERRA |
| 650 ## - Materia general | |
| Temática (materia general) | VIOLENCIA CONTRA LA MUJER |
| 650 ## - Materia general | |
| Temática (materia general) | PACTOS INTERNACIONALES |
| 650 ## - Materia general | |
| Temática (materia general) | CONVENCIÓN CONTRA LA TORTURA |
| 650 ## - Materia general | |
| Temática (materia general) | CONVENCIÓN INTERAMERICANA SOBRE TRÁFICO INTERNACIONAL DE MENORES |
| 650 ## - Materia general | |
| Temática (materia general) | CONVENIO SOBRE PUEBLOS INDÍGENAS |
| 650 ## - Materia general | |
| Temática (materia general) | DISCRIMINACIÓN CONTRA LA MUJER |
| 942 ## - Punto de acceso adicional KOHA | |
| Tipo de ítem KOHA | Libro |
| Fuente del sistema de clasificación o colocación | Dewey Decimal Classification |
| Signatura completa | Código de barras | Tipo de ítem |
|---|---|---|
| 323 T143d3 | 18578 | Libro |